000 00830nam a2200277Ia 4500
003 OSt
005 20220925224007.0
006 a|||||r|||| 00| 0
007 ta
008 220923b |||||||| |||| 00| 0 eng d
020 _a9781138101838
_c3120.06
037 _b8361, 14/02/2018, Efficient Book Distributors
_cGeneral Book
040 _aRTL
_cRTL
_beng
041 _2eng
_aeng
082 _aU43, N8;Q8
100 _aHALL Tim
_9255926
245 0 _aUrban geography
250 _a5th.
260 _aLondon
_bRoutledge
_c2018
300 _aviii, 383p
_ccm.
500 _aBibliography: p273-288
650 _aGeography
700 _a BARRETT Heather
_9290269
942 _hU43, N8;Q8
_cGB
_2CC
999 _c580784
_d580784